00345 a2200121 450000100060000010000120000624500360001826000270005409000170008194200220009899900190012095200840013925950 aLegault aDynamics of the Nuclear balance abCornell Universityc c17553d17553 aNUST-CAEcMc8395 c261023d261023 001040708NFICaCAEbCAEd2017-04-03l0pCAE26000r2017-04-05w2017-04-05yBK